Statistics for Guess The Countries Inside of Squares

Click here to take the quiz!

General Stats

  • This quiz has been taken 35 times
  • The average score is 45 of 48

Answer Stats

QuestionTileSelect% Correct
Which square contains Russia?No
100%
Which square contains Papua New Guinea?No
97%
Which square contains Papua New Guinea?No
97%
Which square contains Slovakia?No
97%
Which square contains Slovakia?No
97%
Which square contains Fiji?No
97%
Which square contains Nigeria?No
97%
Which square contains Fiji?No
97%
Which square contains Russia?No
97%
Which square contains Nepal?Yes
97%
Which square contains Nepal?No
97%
Which square contains Nepal?No
97%
Which square contains Nepal?No
97%
Which square contains Bolivia?No
97%
Which square contains Nigeria?No
97%
Which square contains Costa Rica?No
97%
Which square contains Bolivia?No
97%
Which square contains Slovakia?Yes
97%
Which square contains Costa Rica?No
97%
Which square contains Costa Rica?No
97%
Which square contains Costa Rica?Yes
97%
Which square contains Egypt?No
97%
Which square contains Egypt?No
97%
Which square contains Egypt?No
97%
Which square contains Egypt?Yes
97%
Which square contains Spain?Yes
97%
Which square contains Spain?No
97%
Which square contains Spain?No
97%
Which square contains Spain?No
97%
Which square contains Guatemala?No
97%
Which square contains Slovakia?No
97%
Which square contains Papua New Guinea?No
94%
Which square contains Guatemala?No
94%
Which square contains Guatemala?No
94%
Which square contains Peru?No
94%
Which square contains Papua New Guinea?Yes
94%
Which square contains Guatemala?Yes
94%
Which square contains Russia?No
94%
Which square contains Nigeria?Yes
94%
Which square contains Nigeria?No
94%
Which square contains Bolivia?No
94%
Which square contains Bolivia?Yes
94%
Which square contains Russia?Yes
94%
Which square contains Peru?No
91%
Which square contains Fiji?Yes
88%
Which square contains Fiji?No
88%
Which square contains Peru?Yes
38%
Which square contains Peru?No
38%

Score Distribution

Percentile by Number Answered

Percent of People with Each Score

Your Score History

You have not taken this quiz